| 000 | 00633pam a2200169 a 4500 | ||
|---|---|---|---|
| 020 | _a1856282236 : | ||
| 040 | _cDLC | ||
| 082 | 0 | 0 | _a338 AVE 1991 A019 Or. |
| 245 | 0 | 0 | _aInput-output models and the agricultural sector / |
| 260 |
_aAldershot, Hants, England ; _aBrookfield, Vt., USA : _bAvebury, _c1991. |
||
| 300 |
_avii, 140 p. : _bill. ; _c23 cm. |
||
| 500 | _a"Papers originally presented to the workshop on input-output and agriculture held in Wye College of the University of London in April 1990"--Pref. | ||
| 650 | 0 | _aAgricultural productivity | |
| 650 | 0 | _aInput-output analysis | |
| 700 | 1 | _aMidmore, Peter, | |
| 942 | _cEK | ||
| 999 |
_c12225 _d12225 |
||